Narodowości Postaci Historycznych - Statystyki

Ogólne statystyki
  • Ten quiz został rozwiązany 73 razy
  • Średni wynik to 18 z 20
Statystyki odpowiedzi
Postać Narodowość/ Kraj % Poprawnych
Napoleon Bonaparte Francja / Włochy / Korsyka
100%
Jan Matejko Polska
100%
Maria Skłodowska Curie Polska
100%
Fryderyk Chopin Polska / Francja
100%
Andrzej Tadeusz Bonawentura Kościuszko Polska / Litwa
100%
Józef Piłsudski Polska / Litwa / Żmudź
100%
Mikołaj Kopernik Polska / Toruń
100%
Abraham Lincoln Stany Zjednoczone
98%
Leonardo Da Vinci Włochy
98%
Adolf Hi**er Austria
97%
Albert Einstein Niemcy / Izrael
97%
Jerzy Aleksander / Alfons Popiełuszko Polska
97%
Włodzimierz Lenin Rosja / Kałmucja / Izrael / Niemcy / Szwecja
97%
Józef Stalin Gruzja
94%
Izaak Newton Wielka Brytania / Anglia / Izrael
86%
Bona Sforza Włochy
85%
Nikola Tesla Serbia
80%
Nicolae Ceausescu Rumunia
77%
Josip Broz Tito Chorwacja / Słowenia
56%
Symon Petlura Ukraina
41%
Nie znaleziono quizów pasujących do podanych kryteriów
Rozkład punktacji
Procent ludzi z każdym wynikiem
Percentyl według liczby udzielonych odpowiedzi
Twoja historia wyników
Nie rozwiązałeś tego quizu